000 01881nam a2200433Ia 4500
001 dia_5759
003 CHAP
005 20240320182232.0
007 ta
008 220117s2010 mx o fr 001 0 spa d
040 _cCHAP
_amxchpua
090 _aT.C.512
_bP66 IAI
_c2010
245 1 0 _aViaje de reconocimiento de campo que comprende los estados de Jalisco, Nayarit, Sinaloa, Sonora y Baja California /
_ccoordinador Pedro Ponce Hernández ; colaboradores Eugenia Arellano Quintero...[et al.]
260 _aMéxico :
_bEl autor,
_c2010
300 _a39 hojas :
_bfotografías +
_e1 CD-ROM
336 _2rdacontent
_atexto
_btxt
337 _2rdamedia
_ano mediado
_bn
338 _2rdacarrier
_avolumen
_bnc
500 _a5° año Grupo 3 -- El CD contiene reporte.
502 _aViaje de estudios
_b(IAI) --
_cUACh. Departamento de Ingeniería Agroindustrial,
_d2010
505 _tEmpresas visitadas: -- 1. Consejo Regulador del Tequila -- 2. Tequilera Don Kiko -- 3. Procesadora de Tabacos de México -- 4. Granja Acuícola Valle de Zaragoza -- 5. Congeladora Oceánica -- 6. Empacadora de Hortalizas Agrovo, S. A. de C. V. -- 7. FIRA -- 8. Viñedo Cavas Valmar
650 1 3 _aAlimentos congelados
_94302
650 1 3 _aEnvasado de alimentos
_9147758
650 1 3 _aTabaco
_9111196
650 1 3 _aTequila
_9112336
650 1 3 _aFrozen foods
_9147452
650 1 3 _aFood packaging
_9147759
650 1 3 _aTobacco
_9151358
700 1 _aPonce Hernández, Pedro
_9147918
_ecoordinador
700 1 _aArellano Quintero, Eugenia
_9126453
_ecolaboradora
856 4 2 _uhttp://10.13.5.2/ve/TC512IAI/TC512IAI2010-REPORTE.pdf
_yDESCARGAR REPORTE
901 _aT.C.512 P66 IAI 2010
902 _aM
905 _a5232272010 mx dl 8223123322spa16
942 _2local
942 _cVE
999 _c176693
_d176693